Statistics for Famous Politician Quotes

Click here to take the quiz!

General Stats

  • This quiz has been taken 78 times
    (62 since last reset)
  • The average score is 5 of 11

Answer Stats

QuotePolitician% Correct
Make American Great AgainDonald Trump
98%
I did not have sexual relations with that womanBill Clinton
84%
The death of one man is a tragedy, the death of millions is a statisticJoseph Stalin
74%
If you're going through hell, keep goingWinston Churchill
56%
It is not truth that matters, but victoryAdolf Hitler
42%
The rights of every man are diminished when the rights of one man are threatenedJohn F. Kennedy
36%
My choice early in life was between whether to be a pianist in a brothel or a politician. And to tell the truth, there's hardly any differenveHarry Truman
24%
Democracy is beautiful in theory, but in practice it is a fallacyBenito Mussolini
16%
Whatever you are, be a good oneAbraham Lincoln
14%
I've a feeling that I'll get everything I wantVladimir Putin
10%
Stop the boatsTony Abbott
2%

Score Distribution

Percentile by Number Answered

Percent of People with Each Score

Your Score History

You have not taken this quiz since the last reset